000 00790nam a22002177a 4500
003 UA-OsUOA
001 44161
007 ta
008 20070208b un ||||| |||| 00| 0 ukr d
100 _aАналітичний огляд Українскої асоціації інвестиційного бізнесу
090 _a330(477)
_bА-11
942 _cSA
040 _aUA-OsUOA
_bukr
_cUA-OsUOA
_dUA-OsUOA
245 _aІнвестори часто діють зовсім нелогічно. Результати 2006 року і перспективи подальшого розвитку
300 _aС.6
955 _a0
041 _aukr
080 _a330(477)
773 0 _w44159
_tУкраїна- business
_dК.
_d2007
_g4
650 7 _a330 Економіка взагалі
_2UDC
999 _c330279
_d330279